| 000 | 00359 a2200169 4500 | ||
|---|---|---|---|
| 001 | 189315 | ||
| 020 | _a85-7164-725-9 | ||
| 040 | _cMagnum | ||
| 100 | _aFonseca, Eduardo Giannetti da | ||
| 240 | 1 | 0 |
_aAuto-engano _lpor |
| 245 | 1 | 0 | _aAuto-engano |
| 300 | _a269 | ||
| 362 | 0 | _a1997 | |
| 440 | 1 | _aCompanhia das Letras | |
| 697 | _aFILOSOFIA | ||
| 942 | _cBK | ||
| 999 |
_c189315 _d189315 |
||